000 00188 a2200085 4500
020 _a9783035625639
100 _aLILIANE WONG
245 _aADAPTIVE REUSE IN ARCHITECTURE
260 _bBIRKHAUSER
999 _c13048
_d13048